00883nam a2200253 450000100060000000300080000600500170001400800390003102000150007003500190008504000320010404100080013608200230014410000400016724500880020726000360029530000350033135000110036650400520037765000290042994200120045899900170047095201420048715946BD-RjUL20211208235922.0140211s1971 maua bs 001 0 eng a0262240122 a(BD-RjUL)16001 aDLCcDLCdDLCdBD-RjULbeng aeng00a381.0952bYOJ 19711 aYoshino, M. Y.q(Michael Y.)94941214aThe Japanese marketing system :badaptations and innovations /c[by] M. Y. Yoshino. aCambridge :bMIT Press,cc1971. axx, 319 p. :billus. ;c24 cm. a$12.50 aIncludes bibliography (p. [301]-309) and index. 0aMarketingzJapan.948829 2ddccBK c15946d15946 00102ddc40718NFICaRUCLbRUCLcReadingd1979-04-25eJaapan Foundationl0o381.0952 YOJ 1971r2014-02-11 00:00:00tC-1w2014-02-11yBK